| 000 | 00398nam a2200121Ia 4500 | ||
|---|---|---|---|
| 005 | 20260326235443.0 | ||
| 008 | 260326s9999||||xx |||||||||||||| ||und|| | ||
| 100 | _aSánchez Vallarino, Roberto Luciano | ||
| 245 | 0 |
_aPremio Leonardo Villanueva Meyer N° 7 : _b Arq. Ernesto de la Guardia III / _cRoberto Luciano Sánchez Vallarino |
|
| 260 | _bImpresora Pacífico | ||
| 650 | _aARQUITECTOS | ||
| 942 | _cBK | ||
| 999 |
_c7486 _d7486 |
||